000 00870nas a2200289 4500
001 BR0200524
003 BR-BrBNA
005 20231205102701.0
007 ta
008 230509b bl.|||p| |||| 00| 00por d
040 _aBR-BrBNA
_bpor
_cBiblioteca Nacional de Agricultura
041 _a(Pt)
072 _aF30; H20
100 1 _aLima, R.C.A.
100 1 _aLima, J.A.A.
100 1 _aSouza Júnior, M.T.
100 1 _aPio-Ribeiro, G.
100 1 _aAndrade, G.P.
245 1 _aEtiologia e estratégias de controle de viroses do mamoeiro no Brasil
650 _aMAMÃO
650 _aMANCHA ANELAR
650 _aPLANTA TRANSGÊNICA
650 _aMELHORAMENTO GENÉTICO VEGETAL
773 0 _tFitopatologia Brasileira (Brazil)
_xISSN 0100-4158
_g(Dec 2001), v. 26(4) p. 689-702
_wBR0200524
909 _a202311
_bLúcia
_c55
_dLúcia Elande
942 _2AGRIS
_n0
_cANA
999 _c168805
_d168805